00549nam a2200169Ia 450000500170000000800410001708200190005824500920007726000420016930000120021165000110022365000110023470000180024594200060026395200950026999900150036420241220032033.0240331s9999 xx 000 0 und d bSHA25670a305 0aProceedings of the International Seminar and Workshop on Gender Issues in Ibsen's Plays aDhakabCentre for Asian Theatrec1997 a264 p., aGender aFemale aAhmed, Seedt cL 001040708LaWERCLbWERCLcSSCd2024-03-31l0o 305 PROp5670r2024-03-31w2024-03-31yL c1448d1448